LEADER 02858nam a2200565 u 4500 001 000000015354 003 CaOOAMICUS 005 20070226105853.0 008 941010s1993 it u000 u ita u 020 $a88-18-20023-2 035 $a10359044 040 $aPUL(R)$bita 041 1 $aita$agrc 100 0 $aPorphyrius Tyrius,$d232/233-305?.$0(OLS)http://pul/name/7019 240 10$aGruppi, scelte$9(Porphyrius Tyrius, 232/3-305?).$lItaliano e greco.$0(OLS)http://pul/title/22030 245 10$aVangelo di un pagano :$bLettera a Marcella contro Boeto ; Sull'anima ; Sul conosci te stesso /$cPorfirio. Vita di Porfirio / Eunapio ; a cura di Angelo Raffaele Sodano ; presentazione di Giovanni Reale. 260 $aMilano :$bRusconi,$c1993. 300 $a302 p. ;$c22 cm 490 1 $aClassici del pensiero.$aSezione I, Filosofia classica e tardo antica 500 $aComprende indici. 504 $aBibliografia: p. 253-267. 600 04$aPorphyrius Tyrius,$d232/233-305?.$0(OLS)http://pul/subject/8122 700 1 $aReale, Giovanni,$d1931-2014.$0(OLS)http://pul/name/667 700 1 $aSodano, Angelo Raffaele.$0(OLS)http://pul/name/14136 700 02$aEunapius Sardianus,$d354-420$tVitae sophistarum$9(Eunapius Sardianus, f. 367-414)$lItaliano e greco.$0(OLS)http://pul/name/14135 740 02$aVita di Porfirio. 740 02$aLettera a Marcella. 740 02$aContro Boeto. 740 02$aSull'anima. 740 02$aSul conosci te stesso. 830 0$aClassici del pensiero.$nSezione I,$pFilosofia classica e tardo antica.$0(OLS)http://pul/title/8112 850 $aPUL 852 $aPUL$W1$xDP1 Fondo Giannini$y60$m1561 C 9$j21495$nBK-PRI$b $qFondi$B21495$CPULBib$Z2$F21495 $H $81 852 $aPUL$W1$xSL Filosofia 2$y80$mPhil A1 1.16$j21496$nBK-PRI$b $qStampati altre collocazioni$B21496$CPULBib$Z2$F21496 $H $81 900 $aPorfirio di Tiro,$dc. 234-c. 305$97019 900 $aPorphyrios,$cdetto il Fenicio,$dc. 234-c. 305$97019 900 $aPorphyrius,$cdetto il Fenicio,$dc. 234-c. 305$97019 900 $aPorphyrius Tyrius,$dc. 234-c. 305$97019 941 1 $a10 941 1 $a1 961 $aINV: Fondo Giannini 961 $aINV: 78987 996 $6020$a88-18-20023-2$9(OLS)http://pul/number/19584 996 $6245$aVangelo di un pagano :$bLettera a Marcella contro Boeto ; Sull'anima ; Sul conosci te stesso$9(OLS)http://pul/title/22031 996 $6740$aVita di Porfirio$9(OLS)http://pul/title/22032 996 $6740$aLettera a Marcella$9(OLS)http://pul/title/22033 996 $6740$aContro Boeto$9(OLS)http://pul/title/22034 996 $6740$aSull'anima$9(OLS)http://pul/title/22035 996 $6740$aSul conosci te stesso$9(OLS)http://pul/title/22036 996 $6260$aMilano :$bRusconi$9(OLS)http://pul/publisher/47863 LEADER 01222nam a2200289 a 4500 001 000000165949 003 CaOOAMICUS 005 20180214114026.0 008 180214s2016 it u000 u ita r 020 $a978-88-6383-206-8* 032 $aLibriCat 040 $aPUL$bita 082 $a347.4505 245 02$aL'istruttoria civile :$btecniche di gestione del processo e di redazione degli atti /$ca cura di Luigi Levita. 250 $a2. ed. 260 $aMatelica :$bKindustria,$cİ2016. 300 $a318 p. ;$c24 cm. 650 4$aDiritto processuale civile$zItalia.$0(OLS)http://pul/subject/38504 700 1 $aLevita, Luigi.$0(OLS)http://pul/name/102578 850 $aPUL 852 $aPUL$W1$xSL Diritto e Scienze Sociali 3$y79$m347. 4505 LEVLU 1$j190435$qDDC 21$B193334$CPULBib$Z2$F193334 $H130587 $81 941 1 $a9 996 $6020$a978-88-6383-206-8*$9(OLS)http://pul/number/163506 996 $6082$a347.4505$9(OLS)http://pul/classification/2032 996 $6245$aL'istruttoria civile :$btecniche di gestione del processo e di redazione degli atti$9(OLS)http://pul/title/205657 996 $6260$aMatelica :$bKindustria$9(OLS)http://pul/publisher/86245